01886nam a2200265Ia 4500003000400000005001700004008004100021020001800062040002100080041001300101082002200114100003800136245007800174250001800252260004100270300007700311500013600388505027000524520069500794650002101489650002801510650002901538650001601567700003701583OSt20210902124713.0210310t2014 sp ad fr 001 0dspa d a9788495348944 aCO-JMCRcCO-JMCR1 aspaheng04a339 /bM278m22231 aMankiw, Nicholas Gregory, eautor10aMacroeconomía / cN. Gregory Mankiw ; traducción de M. Esther Rabasco a8a. edición aBarcelona : bAntoni Bosch, c©2014 a859 páginas : bilustraciones y gráficas a blanco y negro ; c24 cm. aIncluye notas a pie de página, datos biográficos del autor, glosario e índice analítico. Título original: Macroeconomics0 aLa teoría clásica: la economía a largo plazo -- La teoría del crecimiento: la economía a muy largo plazo -- La teoría de los ciclos económicos: la economía a corto plazo -- Temas de teoría macroeconómica -- Temas de política macroeconómica 3 aEl libro de texto de N. Gregory Mankiw, éxito de adopción desde hace mucho tiempo para el curso de macroeconomía intermedia, sigue gozando de autoridad, aceptación y vitalidad, y la nueva octava edición es la más lograda hasta ahora. Una vez más, Mankiw presenta una introducción a la macroeconomía excepcionalmente clara y concisa, incorporando plenamente la crisis financiera de 2007-2010 y las medidas adoptadas para hacerle frente. La nueva edición, además de ofrecer un nuevo capítulo inspirado directamente en la crisis (capítulo 20, El sistema financiero: oportunidades y peligros), también contiene nuevas investigaciones, análisis y casos prácticos.14aMacroeconomía 24aDesarrollo económico 24aPolítica económica 24aEconomía 1 aRabasco, M. Esther, etraductora